| 000 | 00798nam a2200229Ia 4500 | ||
|---|---|---|---|
| 999 |
_c41177 _d41177 |
||
| 001 | 7828 | ||
| 003 | GE_BSU | ||
| 005 | 20221114162427.0 | ||
| 008 | 181216s2010en xx |||||||||||||| ||eng|| | ||
| 020 | _a9780323057479ხ | ||
| 040 | _cGE_BSU | ||
| 041 | _aeng | ||
| 080 | _a611.08 P-14 | ||
| 100 |
_aPagana, Kathleen Deska _914826 |
||
| 245 |
_aMosby's Manual of diagnostic and Laboratory Tests / _cKathleen Deska Pagana |
||
| 264 |
_aUSA : _bElsevier, _c2010. |
||
| 300 |
_a1245 p. : _bIll; _c24 cm. |
||
| 653 | _aMosby's Manual of diagnostic and Laboratory Tests | ||
| 653 | _aდიაგნოსტიკური და ლაბორატორიული ტესტების სახელმძღვანელო | ||
| 653 | _aმედიცინა | ||
| 942 |
_cBK _2udc |
||